|
|
|
|
| LEADER |
00000nab a2200000 a 4500 |
| 001 |
vtls008297651 |
| 003 |
SK-MaSNL |
| 005 |
20260304140114.0 |
| 008 |
250505c2005 xo ||||||| |00 b|slo |
| 015 |
|
|
|a SNBRB2005/06
|2 snkbucl
|
| 035 |
|
|
|a (sysno)vtls008297651
|
| 035 |
|
|
|a urn:nbn:sk:snk-ab6kkv
|
| 035 |
|
|
|a (uuid)67c01541-a06b-4b75-99c8-f72e8b68bb3d
|
| 035 |
|
|
|a (urnnbn)urn:nbn:sk:snk:ar-005b0n
|
| 038 |
|
|
|a SNKBUCL
|
| 040 |
|
|
|a SNKBUCL
|b slo
|c SNKBUCL
|e AACR2
|
| 041 |
0 |
|
|a slo
|
| 044 |
|
|
|a xo
|c SK
|
| 080 |
|
|
|a 811.162.4`373
|2 1997
|
| 080 |
|
|
|a 811.162.4`374
|2 1997
|
| 080 |
|
|
|a 81`373:811.162.4
|2 1997
|
| 080 |
|
|
|a 81`374:811.162.4
|2 1997
|
| 100 |
1 |
|
|a Zamborová, Marta,
|d 1949-
|4 aut
|9 124999
|
| 245 |
1 |
0 |
|a Z rukopisu pripravovaného Slovníka súčasného slovenského jazyka
|n (26)
|c Marta Zamborová
|
| 650 |
0 |
7 |
|a slovenčina
|2 snkbucl
|9 1350
|
| 650 |
0 |
7 |
|a slovná zásoba
|2 snkbucl
|9 66837
|
| 655 |
|
7 |
|a slovníkové heslá
|2 snkbucl
|9 770264
|
| 773 |
0 |
|
|t Kultúra slova
|g Roč. 39, č. 2 (2005), s. 115-120
|x 0023-5202
|
| 850 |
|
|
|a Slovenská národná knižnica
|
| 852 |
|
|
|a Slovenská národná knižnica
|
| 954 |
|
|
|a odborná, vedecká literatúra pôvodná (slovenská)
|2 lita
|
| 958 |
|
|
|a article27
|
| 958 |
|
|
|a OND
|
| 958 |
|
|
|a EUIPO
|
| 999 |
|
|
|c 2913650
|d 2915580
|